| 000 | 02787cam a2200289 a 4500 | ||
|---|---|---|---|
| 001 | 000003434 | ||
| 003 | DO-SdBNP | ||
| 005 | 20220808152651.0 | ||
| 007 | ta | ||
| 008 | 930223s1987 ck ad 000 0 spa d | ||
| 020 | _a9586250687 | ||
| 040 |
_aDO-SdBNP _bspa _cBNPHU |
||
| 082 | 4 |
_a266 _bC755p _222 |
|
| 110 | 1 |
_aConsejo Epicopal Latinoamericano _981235 |
|
| 245 | 0 | 0 | _aPastoral juvenil, si a la civilizacion del amor / |
| 260 |
_aBogota, Colombia : _bSeccion de Juventud, CELAM, _c1987. |
||
| 300 |
_a233 p. : _bil. ; _c21 cm. |
||
| 490 | 1 |
_aDocumentos CELAM ; _v93 |
|
| 505 | _aPresentación 7|MARCO DE REALIDAD|Introducción 13|VISION PASTORAL DE LA REALIDAD LATINOAMERICA 15|EL CONTEXTO LATINOAMERICANO 15|VISION PASTORAL DE LA IGLESIA LATINOAMERICANA 27|SIGNOS DE AMENAZA Y SIGNOS DE ESPERANZA 31|Signos de amenaza 31|Signos de esperanza 34|VISION PASTORAL DE LA JUVENTUD LATINOAMERICANA|¿QUE SE ENTIENDE POR JUVENTUD ? 37|LA JUVENTUD UNA REALIDAD SOCIOLOGICA 38|RECORRIDO HISTORICO DE LA PASTORAL JUVENIL LATINOAMERICANA|ESCUELAS Y UNIVERSIDADES CATOLICAS 59|MOVIMIENTOS MARIANOS 60|LA ACCION CATOLICA GENERAL 60|MOVIMIENTOS DE LA ACCIÓN CATOLICA ESPECIALIZADA 62|LOS MOVIMIENTOS DE ENCUENTEO 64|LOS MOVIMIENTOS INTERNACIONALES 65|EL CELAM Y LA PASTORAL JUVENIL EN AMERICA LATINA 67|LA PASTORAL JUVENIL ORGANICA 69|MARCO DOCTRINAL|INTRODUCCION 77|FUDAMENTOS TEOLOGICOS DE LA PASTORAL JUVENIL CONSTRUCTORA DE LA CIVILIZACION DEL AMOR 79|JESUCRISTO, MODELO FUERZA Y PASCUA DEL PUEBLO DE DIOS 79|LA IGLESIA, SIGNO DE ESPERANZA DEL MUNDO NUEVO 90|EL HOMBRE NUEVO, SUEÑO DE UNA HUMANIDAD DE LIBERADOS 99|IDENTIDAD DE LA CIVILIZACION DEL AMOR|UNA PROPUESTA 103|DESCRIPCION DE LA PROPUESTA 106|UNA PASTORAL JUVENIL PARA CONSTRUIR LA CIVILIZACION DEL AMOR 113|LA PASTORAL EN LA IGLESIA 113|LA PASTORAL JUVENIL 114|MARCO OPERACIONAL|INTRODUCCION 123|CRITERIOS OPERATIVOS PARA LA EVANGELIZACIÓN EN EL MUNDO JUVENIL|¡AY DE MI, SI NO EVANGELIZARA! (1 Cor 9,16) 126|JOVENES PORTADORES DE LAS BUENAS NOTICIAS 131|PROCESOS DE EDUCACION EN LA FE Y DE CONCIENTIZACION|PRESENTACIÓN DEL PROCESO 137|SISTEMATIZACION DEL PROCESO DE EDUCACION EN LA FE, EN LA ETAPA DE INICIACION 146|PASTORALES JUVENILES DE MEDIOS ESPECIFICOS 166|PEDAGOGIA DE LA ACCION PASTORAL|RASGO DE LA PEDAGOGIA PASTORAL 188|COMUNIDAD JUVENIL, OPCIÓN PEDAGOGICA DE EVANGELIZACION 191|ESPIRITUALIDAD DE LA PASTORAL JUVENIL 197|JOVENES INTEGRALMENTE FORMADOS 204|ELEMENTOS Y RECURSOS PARA UNA PASTORAL JUVENIL ORGANICA 206 | ||
| 590 | _aInventariado, 2022 / DG | ||
| 650 |
_aEVANGELIZACION _9476 |
||
| 650 |
_aTEOLOGIA PASTORAL _93734 |
||
| 710 | 2 |
_aIglesia Católica _bConsejo Episcopal Latinoamericano. _bSeccion de Juventud. _910709 |
|
| 830 | 0 |
_aDocumentos CELAM ; _910710 _n93 |
|
| 910 | _aDG | ||
| 942 |
_2ddc _cLBS1 |
||
| 999 |
_c3264 _d3264 |
||